[Event "7. Bayerische Meisterschaft 2003"]
[Site "Bad Wiessee"]
[Date "2003.11.13"]
[Round "6"]
[White "Stabolewski, Andreas"]
[Black "Wiersma, Eelke"]
[Result "0-1"]
[WhiteElo "2226"]
[BlackElo "2402"]
[PlyCount "58"]
[EventDate "2003.11.08"]

1. d4 d5 2. c4 e6 3. cxd5 exd5 4. Nc3 c5 5. Nf3 Nc6 6. g3 Nf6 7. Bg2 Be7 8. O-O
O-O 9. b3 Ne4 10. Bb2 Bf6 11. Na4 Re8 12. Rc1 b6 13. dxc5 Bxb2 14. Nxb2 Nb4 15.
Nd2 Nxa2 16. Nxe4 Nxc1 17. Nd6 Nxe2+ 18. Kh1 Re6 19. Qxd5 Rb8 20. Qh5 bxc5 21.
Qxf7+ Kh8 22. Rd1 Nc3 23. Qf4 Nxd1 24. Nf7+ Kg8 25. Nxd8 Re1+ 26. Bf1 Rxf1+ 27.
Kg2 Rxf2+ 28. Qxf2 Nxf2 29. Kxf2 Rxb3 0-1

[Event "7. Bayerische Meisterschaft 2003"]
[Site "Bad Wiessee"]
[Date "2003.11.13"]
[Round "6"]
[White "Welling, Gerard"]
[Black "Jaeschke, Benno"]
[Result "1-0"]
[WhiteElo "2380"]
[BlackElo "2213"]
[PlyCount "99"]
[EventDate "2003.11.08"]

1. d4 Nf6 2. Nf3 e6 3. e3 b6 4. Bd3 Bb7 5. O-O Be7 6. Nbd2 d5 7. b3 Nbd7 8. Bb2
O-O 9. c4 c5 10. Qe2 Rc8 11. Ne5 Ne4 12. Rad1 Nxd2 13. Rxd2 cxd4 14. Nxd7 Qxd7
15. Bxd4 f5 16. cxd5 Qxd5 17. f3 Bb4 18. Rdd1 Qa5 19. Bc4 Rce8 20. a3 Bxa3 21.
Ra1 Qb4 22. Qa2 b5 23. Qxa3 Qxa3 24. Rxa3 bxc4 25. Rxa7 e5 26. Bc5 Rf7 27. bxc4
Rc8 28. Bd6 e4 29. c5 exf3 30. gxf3 Bc6 31. Rxf7 Kxf7 32. Kf2 g5 33. Rb1 Ke6
34. h4 h6 35. hxg5 hxg5 36. Rh1 g4 37. Rh6+ Kf7 38. fxg4 fxg4 39. Kg3 Bf3 40.
Kf4 Re8 41. Be5 Rc8 42. Bd4 Rc6 43. Rh7+ Ke6 44. e4 Rc8 45. Rh6+ Kd7 46. Rd6+
Ke7 47. Bf6+ Kf7 48. c6 Re8 49. c7 Bxe4 50. Rd7+ 1-0

[Event "7. Bayerische Meisterschaft 2003"]
[Site "Bad Wiessee"]
[Date "2003.11.13"]
[Round "6"]
[White "Hilmer, Frank"]
[Black "Weglarz, Leszek"]
[Result "1/2-1/2"]
[WhiteElo "2223"]
[BlackElo "2344"]
[PlyCount "157"]
[EventDate "2003.11.08"]

1. c4 e6 2. g3 d5 3. Bg2 Nf6 4. Nf3 Be7 5. O-O O-O 6. d4 dxc4 7. Qc2 a6 8. Qxc4
b5 9. Qc2 Bb7 10. Bg5 Nbd7 11. Bxf6 gxf6 12. Ng5 fxg5 13. Bxb7 Ra7 14. Bc6 Nb8
15. e3 Qd6 16. Rc1 e5 17. Be4 exd4 18. Bxh7+ Kg7 19. exd4 Qxd4 20. Nc3 c5 21.
Re1 Nc6 22. Rad1 Qg4 23. Nd5 Rh8 24. Ne3 Qh5 25. Nf5+ Kf8 26. Nxe7 Rxe7 27.
Rxe7 Rxh7 28. Re3 Qxh2+ 29. Kf1 Qh1+ 30. Ke2 Nd4+ 31. Rxd4 cxd4 32. Qc5+ Kg7
33. Qxg5+ Kf8 34. Qd8+ Kg7 35. Qg5+ Kf8 36. Qd8+ Kg7 37. Qxd4+ Kf8 38. Qd8+ Kg7
39. Qg5+ Kf8 40. Qe7+ Kg8 41. Qd8+ Kg7 42. Re5 Rh6 43. Rg5+ Rg6 44. Qd4+ Kh7
45. Rxg6 Kxg6 46. Qg4+ Kh6 47. Qf3 Qb1 48. Qf6+ Kh5 49. Qxf7+ Kg4 50. Qe6+ Kh5
51. Qf7+ Kg4 52. Qf3+ Kh3 53. g4+ Kh2 54. Qg3+ Kh1 55. Qd3 Qxb2+ 56. Kf3 Kg1
57. Qd1+ Kh2 58. Qd6+ Kg1 59. Qg3+ Kf1 60. Qg2+ Ke1 61. Kg3 Qxa2 62. Qh1+ Kd2
63. Qh6+ Kc2 64. Qg6+ Kc1 65. Qg5+ Qd2 66. Qc5+ Kd1 67. g5 b4 68. g6 Qd3+ 69.
Kf4 Qxg6 70. Qxb4 Qf6+ 71. Ke3 Qe5+ 72. Qe4 Qxe4+ 73. Kxe4 Kc2 74. Kd4 a5 75.
Kc4 a4 76. Kb4 Kd3 77. f4 Ke4 78. f5 Kxf5 79. Kxa4 1/2-1/2

[Event "7. Bayerische Meisterschaft 2003"]
[Site "Bad Wiessee"]
[Date "2003.11.13"]
[Round "6"]
[White "Cladouras, Panagiotis"]
[Black "Sill, Thomas"]
[Result "1-0"]
[WhiteElo "2343"]
[BlackElo "2201"]
[PlyCount "111"]
[EventDate "2003.11.08"]

1. e4 c5 2. Nf3 Nc6 3. Bb5 e6 4. Bxc6 bxc6 5. O-O Ne7 6. b3 Ng6 7. Bb2 f6 8.
Nc3 e5 9. d3 d5 10. Nd2 Be6 11. Ne2 Bd6 12. c4 d4 13. Re1 O-O 14. Nf1 Qd7 15.
Bc1 Nh4 16. Nd2 f5 17. g3 Ng6 18. f3 Rf7 19. Kh1 f4 20. Ng1 Raf8 21. Kg2 Qe7
22. Nf1 Qd8 23. Re2 Be7 24. Rf2 h5 25. gxf4 exf4 26. Kh1 Bd6 27. Bd2 Be5 28.
Be1 Nh4 29. Rb2 Qg5 30. Bxh4 Qxh4 31. Qe1 Qxe1 32. Rxe1 g5 33. b4 Rb8 34. Reb1
Rfb7 35. a3 Kf7 36. Nd2 cxb4 37. axb4 a6 38. Ne2 Kf6 39. Kg2 Bf7 40. Kf2 Be6
41. Ra2 Rxb4 42. Rxb4 Rxb4 43. Rxa6 Rb2 44. Ke1 c5 45. Kd1 g4 46. Kc1 Rb8 47.
Kc2 Ke7 48. Ra7+ Bd7 49. Ng1 Rg8 50. Nb3 Bb8 51. Rb7 Kd6 52. e5+ Kxe5 53. Rxd7
Bd6 54. Rh7 Rg5 55. Nd2 Ke6 56. Rh6+ 1-0

[Event "7. Bayerische Meisterschaft 2003"]
[Site "Bad Wiessee"]
[Date "2003.11.13"]
[Round "6"]
[White "Salvermoser, Bernd"]
[Black "Horstmann, Olaf"]
[Result "1-0"]
[WhiteElo "2326"]
[BlackElo "2197"]
[PlyCount "65"]
[EventDate "2003.11.08"]

1. d4 f5 2. Nf3 Nf6 3. g3 e6 4. Bg2 d5 5. O-O Bd6 6. c4 c6 7. Bf4 Bxf4 8. gxf4
O-O 9. e3 Ne4 10. Qc2 Qe7 11. Rc1 Bd7 12. Ne5 Be8 13. f3 Nd6 14. Nd2 Nd7 15.
cxd5 exd5 16. Kh1 Kh8 17. Rg1 Bh5 18. Nf1 Rf6 19. Ng3 Bf7 20. Bh3 Be6 21. Nh5
Rh6 22. Nxg7 Rxh3 23. Nxe6 Nxe5 24. fxe5 Nc4 25. Qxf5 Rh6 26. Ng5 Rf8 27. Qd3
Rh5 28. f4 h6 29. Qe2 Rh4 30. Nf3 Rh3 31. b3 Nd6 32. exd6 Qe4 33. Rg3 1-0

[Event "7. Bayerische Meisterschaft 2003"]
[Site "Bad Wiessee"]
[Date "2003.11.13"]
[Round "6"]
[White "Reefschlaeger, Helmut"]
[Black "Kroencke, Manfred"]
[Result "1/2-1/2"]
[WhiteElo "2310"]
[BlackElo "2180"]
[PlyCount "35"]
[EventDate "2003.11.08"]

1. d4 d5 2. Nf3 Nf6 3. e3 c5 4. b3 Nc6 5. Bb2 Bg4 6. Be2 e6 7. O-O Be7 8. Nbd2
O-O 9. h3 Bh5 10. Ne5 Bxe2 11. Qxe2 cxd4 12. exd4 Qb6 13. Ndf3 Nxe5 14. Nxe5
Rfd8 15. Rfd1 Rac8 16. c3 Bd6 17. Nd3 a5 18. Rac1 1/2-1/2

[Event "7. Bayerische Meisterschaft 2003"]
[Site "Bad Wiessee"]
[Date "2003.11.14"]
[Round "7"]
[White "Naumann, Alexander"]
[Black "Hertneck, Gerald"]
[Result "1-0"]
[WhiteElo "2518"]
[BlackElo "2524"]
[PlyCount "121"]
[EventDate "2003.11.08"]

1. e4 e6 2. d4 d5 3. Nd2 b6 4. Ngf3 Nf6 5. exd5 Nxd5 6. Nc4 Bb7 7. Be2 Nd7 8.
O-O Be7 9. Nce5 O-O 10. Nxd7 Qxd7 11. Ne5 Qc8 12. Bf3 c5 13. dxc5 Bxc5 14. c4
Nb4 15. a3 Nc6 16. Bxc6 Bxc6 17. b4 Be7 18. Qg4 Rd8 19. Bb2 Bf8 20. Nxc6 Qxc6
21. Rfd1 Rxd1+ 22. Rxd1 Rc8 23. Rc1 Qa4 24. Qd4 Rc7 25. h3 Rd7 26. Qc3 h5 27.
h4 f6 28. g3 Qc6 29. Re1 e5 30. Qc2 Qf3 31. Qe2 Qxe2 32. Rxe2 Kf7 33. Rc2 Ke6
34. Kf1 Rd3 35. Rc3 Rxc3 36. Bxc3 b5 37. cxb5 Kd5 38. Bd2 Bd6 39. Be3 Bb8 40.
b6 axb6 41. Bxb6 Kc4 42. Ke2 e4 43. Bc5 f5 44. a4 g6 45. Be7 Kb3 46. a5 Kc4 47.
a6 Kb5 48. Bd6 Ba7 49. Bc5 Bxc5 50. bxc5 Kxa6 51. Ke3 Kb5 52. Kd4 Kc6 53. Kc4
Kc7 54. Kd5 Kd7 55. Ke5 Kc6 56. Kf6 Kxc5 57. Kxg6 Kd4 58. Kxh5 Kd3 59. g4 fxg4
60. Kxg4 e3 61. fxe3 1-0

[Event "7. Bayerische Meisterschaft 2003"]
[Site "Bad Wiessee"]
[Date "2003.11.14"]
[Round "7"]
[White "Rozentalis, Eduardas"]
[Black "Stern, Rene"]
[Result "1/2-1/2"]
[WhiteElo "2633"]
[BlackElo "2484"]
[PlyCount "90"]
[EventDate "2003.11.08"]

1. e4 e5 2. Nf3 Nc6 3. Bb5 Nf6 4. O-O Nxe4 5. d4 a6 6. Bd3 d5 7. dxe5 Be7 8. h3
Bf5 9. Qe2 Qd7 10. Nc3 Nxc3 11. bxc3 Bxd3 12. cxd3 O-O 13. Rb1 b5 14. Re1 d4
15. Qc2 dxc3 16. Qxc3 Nd8 17. Bg5 Ne6 18. Bxe7 Qxe7 19. a4 bxa4 20. Rb4 Qd7 21.
Ra1 Rfd8 22. d4 Qd5 23. Rbxa4 c5 24. dxc5 Qxc5 25. Qe1 Qb6 26. Ra5 h6 27. Qe4
Ra7 28. Qc4 Qc7 29. Qe2 Qc3 30. R5a3 Nd4 31. Nxd4 Qxd4 32. e6 fxe6 33. Qxe6+
Rf7 34. Rf1 Rd6 35. Qa2 Qd5 36. Rxa6 Qxa2 37. Rxa2 Rfd7 38. h4 h5 39. Raa1 Rd4
40. g3 Rd2 41. Kg2 Rf7 42. Ra5 g6 43. Rg5 Kh7 44. g4 hxg4 45. Rxg4 Rfd7 1/2-1/2

[Event "7. Bayerische Meisterschaft 2003"]
[Site "Bad Wiessee"]
[Date "2003.11.14"]
[Round "7"]
[White "Thinius, Marco"]
[Black "Bischoff, Klaus"]
[Result "1/2-1/2"]
[WhiteElo "2389"]
[BlackElo "2564"]
[PlyCount "30"]
[EventDate "2003.11.08"]

1. e4 c5 2. Nf3 d6 3. d4 Nf6 4. Nc3 cxd4 5. Nxd4 a6 6. Be2 e5 7. Nb3 Be7 8. Bg5
Nbd7 9. a4 h6 10. Bh4 b6 11. Bc4 Bb7 12. Qe2 O-O 13. Bxf6 Nxf6 14. O-O Qc7 15.
Rfd1 Rfc8 1/2-1/2

[Event "7. Bayerische Meisterschaft 2003"]
[Site "Bad Wiessee"]
[Date "2003.11.14"]
[Round "7"]
[White "Gavrikov, Viktor"]
[Black "Kostic, Vladimir"]
[Result "1-0"]
[WhiteElo "2560"]
[BlackElo "2373"]
[PlyCount "141"]
[EventDate "2003.11.08"]

1. c4 c5 2. Nf3 Nc6 3. d4 cxd4 4. Nxd4 Nf6 5. Nc3 e6 6. g3 Bb4 7. Bg2 O-O 8.
O-O a6 9. Bf4 Qe7 10. Nc2 Bc5 11. a3 Nh5 12. Bd2 d6 13. b4 Ba7 14. Be3 Bxe3 15.
Nxe3 f5 16. f4 Nf6 17. Ra2 Nd8 18. Rd2 Nf7 19. Qb3 Qc7 20. Nc2 Bd7 21. e4 fxe4
22. Nxe4 Nxe4 23. Bxe4 Rac8 24. Ne3 b5 25. cxb5 d5 26. Bg2 Bxb5 27. Re1 Qc3 28.
Qxc3 Rxc3 29. Nc2 Rfc8 30. Nd4 Rc1 31. Rxc1 Rxc1+ 32. Kf2 Bd7 33. f5 exf5 34.
Bxd5 Kf8 35. Be6 Bxe6 36. Nxe6+ Ke7 37. Nxg7 Nd6 38. Rd5 Ne4+ 39. Ke3 Re1+ 40.
Kf4 Kf6 41. Nxf5 Ng5 42. Nd6 Rf1+ 43. Kg4 h6 44. Ra5 Kg6 45. Nc4 h5+ 46. Kh4
Nf3+ 47. Kh3 Ng5+ 48. Kg2 Rc1 49. Rxa6+ Kg7 50. Ne3 Ra1 51. Nc2 Rd1 52. Ne3
Rd2+ 53. Kf1 Nf3 54. Nf5+ Kf7 55. Nh4 Nxh2+ 56. Kg1 Ng4 57. b5 Rd3 58. Kg2 Rb3
59. a4 Ne3+ 60. Kh3 Rb1 61. Kh2 Rb3 62. Ra8 Ke7 63. Rh8 Ng4+ 64. Kg2 Nf6 65.
Nf5+ Kf7 66. a5 Rxb5 67. Nd6+ Kg7 68. Nxb5 Kxh8 69. a6 Nd5 70. a7 Nb6 71. Nc7
1-0

[Event "7. Bayerische Meisterschaft 2003"]
[Site "Bad Wiessee"]
[Date "2003.11.14"]
[Round "7"]
[White "Koscielski, Janusch"]
[Black "Doettling, Fabian"]
[Result "0-1"]
[WhiteElo "2312"]
[BlackElo "2519"]
[PlyCount "80"]
[EventDate "2003.11.08"]

1. e4 c6 2. d4 d5 3. Nc3 dxe4 4. Nxe4 Bf5 5. Ng3 Bg6 6. h4 h6 7. Nf3 Nd7 8. h5
Bh7 9. Bd3 Bxd3 10. Qxd3 e6 11. Bf4 Qa5+ 12. Bd2 Bb4 13. c3 Be7 14. c4 Qa6 15.
O-O Ngf6 16. Rfe1 Rd8 17. b3 O-O 18. Nf5 Rfe8 19. Nxe7+ Rxe7 20. Qe2 Nxh5 21.
g4 Nhf6 22. g5 hxg5 23. Bxg5 Nf8 24. Kg2 Ng6 25. Rh1 Qa5 26. c5 Rd5 27. Ne5
Rxd4 28. Nxg6 fxg6 29. Bxf6 gxf6 30. Rh6 Qxc5 31. Rah1 Qd5+ 32. f3 e5 33. Kg3
e4 34. Rxg6+ Rg7 35. Rhh6 Rd3 36. Qh2 Rxf3+ 37. Kh4 Qe5 38. Qg2 Qf4+ 39. Kh5
Qf5+ 40. Kh4 Rf4+ 0-1

[Event "7. Bayerische Meisterschaft 2003"]
[Site "Bad Wiessee"]
[Date "2003.11.14"]
[Round "7"]
[White "Eingorn, Vereslavs"]
[Black "Thiel, Thomas"]
[Result "1-0"]
[WhiteElo "2607"]
[BlackElo "2303"]
[PlyCount "78"]
[EventDate "2003.11.08"]

1. Nf3 Nf6 2. c4 g6 3. Nc3 d5 4. cxd5 Nxd5 5. Qa4+ c6 6. Nxd5 Qxd5 7. e4 Qd8 8.
d4 Bg7 9. Be3 O-O 10. Be2 Qb6 11. Qa3 Bg4 12. O-O Bxf3 13. Bxf3 Bxd4 14. Bxd4
Qxd4 15. Qxe7 Qd7 16. Qa3 Na6 17. Be2 Nc7 18. Rfd1 Qe8 19. Qb4 b6 20. Bg4 Ne6
21. Qc4 Nc5 22. b4 Nxe4 23. Bf3 Nf6 24. Bxc6 Rc8 25. b5 Qe5 26. h3 Rcd8 27. a4
Rd2 28. Rxd2 Qxa1+ 29. Kh2 Qe5+ 30. g3 h5 31. Kg2 Kg7 32. Qb4 Rc8 33. Rd3 a5
34. Qb3 Rc7 35. Qa3 Rc8 36. Qd6 Qa1 37. Rd4 Rf8 38. Rf4 Qb2 39. Qc7 Qc3 1-0

[Event "7. Bayerische Meisterschaft 2003"]
[Site "Bad Wiessee"]
[Date "2003.11.14"]
[Round "7"]
[White "Sulskis, Sarunas"]
[Black "Ciuksyte, Dagne"]
[Result "0-1"]
[WhiteElo "2586"]
[BlackElo "2295"]
[PlyCount "62"]
[EventDate "2003.11.08"]

1. e4 c5 2. Nf3 e6 3. b3 d6 4. Bb2 e5 5. Bc4 Be7 6. c3 Nf6 7. d4 Nc6 8. d5 Nb8
9. Nfd2 O-O 10. Be2 Ne8 11. c4 Bg5 12. Bg4 Nd7 13. h4 Bh6 14. Nc3 a6 15. Be2
Rb8 16. Nf1 Ndf6 17. a3 Qa5 18. Ng3 g6 19. h5 Bf4 20. O-O Ng7 21. hxg6 fxg6 22.
Nh1 Bd7 23. Bd3 Qd8 24. g3 Ng4 25. Qe2 Qg5 26. Nd1 Nh5 27. Bc3 Rf7 28. Be1 Rbf8
29. f3 Ne3 30. Nxe3 Bxe3+ 31. Kh2 Nxg3 0-1

[Event "7. Bayerische Meisterschaft 2003"]
[Site "Bad Wiessee"]
[Date "2003.11.14"]
[Round "7"]
[White "Berelovich, Aleksandar"]
[Black "Gasthofer, Viktor"]
[Result "1-0"]
[WhiteElo "2540"]
[BlackElo "2295"]
[PlyCount "54"]
[EventDate "2003.11.08"]

1. e4 e6 2. d4 d5 3. Nc3 dxe4 4. Nxe4 Nd7 5. Nf3 Ngf6 6. Bg5 Be7 7. Nxf6+ Nxf6
8. Bd3 b6 9. Qe2 Bb7 10. O-O-O O-O 11. Ne5 Nd5 12. h4 Nb4 13. Bc4 Nd5 14. Kb1
f6 15. Nc6 Qd6 16. Bxd5 Bxc6 17. Qxe6+ Qxe6 18. Bxe6+ Kh8 19. Bf4 Bxg2 20. Rhg1
Bf3 21. Rd3 Be4 22. Rdg3 g5 23. Bxc7 Bg6 24. d5 gxh4 25. Rh3 Bc5 26. Rg2 Rfe8
27. b4 Bf8 1-0

[Event "7. Bayerische Meisterschaft 2003"]
[Site "Bad Wiessee"]
[Date "2003.11.14"]
[Round "7"]
[White "Handke, Florian"]
[Black "Zill, Christoph"]
[Result "0-1"]
[WhiteElo "2476"]
[BlackElo "2295"]
[PlyCount "42"]
[EventDate "2003.11.08"]

1. e4 d5 2. exd5 Qxd5 3. Nc3 Qa5 4. d4 c6 5. Bc4 Bf5 6. Bd2 e6 7. g4 Bg6 8. Qe2
Bb4 9. O-O-O Ne7 10. Nh3 Nd5 11. Bxd5 cxd5 12. Nf4 Nc6 13. Nfxd5 Bxc2 14. Rde1
O-O 15. Nxb4 Qxb4 16. Nb5 Qa4 17. Nc3 Qa5 18. Nb5 Qxa2 19. Kxc2 a6 20. Nc3
Nxd4+ 21. Kd1 Qb3+ 0-1

[Event "7. Bayerische Meisterschaft 2003"]
[Site "Bad Wiessee"]
[Date "2003.11.14"]
[Round "7"]
[White "Schuette, Manfred"]
[Black "Shaw, John"]
[Result "0-1"]
[WhiteElo "2291"]
[BlackElo "2465"]
[PlyCount "38"]
[EventDate "2003.11.08"]

1. c4 e5 2. Nc3 Nf6 3. Nf3 Nc6 4. e3 Bb4 5. Qc2 Bxc3 6. Qxc3 Qe7 7. a3 d5 8.
cxd5 Nxd5 9. Qb3 Nb6 10. d3 O-O 11. Qc3 Rd8 12. b4 a5 13. b5 Nd4 14. Rb1 Na4
15. Qc4 Nxf3+ 16. gxf3 Nc5 17. Bb2 Be6 18. Qc2 f6 19. d4 exd4 0-1

[Event "7. Bayerische Meisterschaft 2003"]
[Site "Bad Wiessee"]
[Date "2003.11.14"]
[Round "7"]
[White "Bromberger, Stefan"]
[Black "Bannink, Bernard"]
[Result "1-0"]
[WhiteElo "2448"]
[BlackElo "2274"]
[PlyCount "97"]
[EventDate "2003.11.08"]

1. d4 d5 2. c4 c6 3. Nc3 Nf6 4. Nf3 dxc4 5. a4 Bf5 6. Ne5 Nbd7 7. Nxc4 Nb6 8.
Ne5 a5 9. g3 e6 10. Bg2 Bb4 11. O-O h6 12. e4 Bxc3 13. bxc3 Nxe4 14. Bxe4 Bxe4
15. Qg4 Bf5 16. Qxg7 Rh7 17. Qg8+ Ke7 18. Ba3+ Kf6 19. Ng4+ Bxg4 20. Qxh7 Qh8
21. Qxh8+ Rxh8 22. Rfb1 Nc4 23. f3 Bh5 24. Rxb7 Nxa3 25. Rxa3 Bxf3 26. Kf2 Bd5
27. c4 Bxc4 28. Rf3+ Kg6 29. Rfxf7 Rg8 30. Rfc7 Rf8+ 31. Ke3 Bd5 32. Rg7+ Kf6
33. Ra7 Bb3 34. Rg4 Rb8 35. Rf4+ Kg6 36. Rxa5 Bd5 37. Rf2 Kg5 38. Ra2 Rb3+ 39.
Ke2 Kg4 40. Rxd5 exd5 41. a5 Rb7 42. a6 Ra7 43. Kd3 Kf5 44. Kc3 Ke4 45. Ra4 h5
46. h3 Kf3 47. g4 h4 48. Kb4 Kg2 49. Ra3 1-0

[Event "7. Bayerische Meisterschaft 2003"]
[Site "Bad Wiessee"]
[Date "2003.11.14"]
[Round "7"]
[White "Wiersma, Eelke"]
[Black "Moeldner, Juergen"]
[Result "1/2-1/2"]
[WhiteElo "2402"]
[BlackElo "2263"]
[PlyCount "83"]
[EventDate "2003.11.08"]

1. e4 e5 2. Nf3 Nf6 3. Nxe5 d6 4. Nf3 Nxe4 5. d4 d5 6. Bd3 Bd6 7. O-O O-O 8. c4
c6 9. Qc2 Na6 10. a3 f5 11. Nc3 Nc7 12. Ne2 Be6 13. c5 Be7 14. Ne5 g6 15. b4
Bf6 16. Bb2 Bd7 17. f3 Ng5 18. Rae1 Re8 19. Nc1 Nce6 20. Qd2 Nf7 21. Nxd7 Qxd7
22. Nb3 Re7 23. f4 Rae8 24. a4 a6 25. g3 Ned8 26. Bc3 h5 27. Rxe7 Rxe7 28. Re1
Rxe1+ 29. Qxe1 Ne6 30. Qe3 Nh6 31. h3 Kf7 32. Nd2 a5 33. Nf3 axb4 34. Bxb4 Qc7
35. Bd2 Ke7 36. a5 Kf7 37. Ng5+ Bxg5 38. fxg5 Ng8 39. g4 Ne7 40. gxh5 gxh5 41.
Be2 Ng7 42. a6 1/2-1/2

[Event "7. Bayerische Meisterschaft 2003"]
[Site "Bad Wiessee"]
[Date "2003.11.14"]
[Round "7"]
[White "Burmakin, Vladimir"]
[Black "Weisenburger, Horst"]
[Result "1-0"]
[WhiteElo "2590"]
[BlackElo "2179"]
[PlyCount "87"]
[EventDate "2003.11.08"]

1. Nf3 f5 2. g3 g6 3. Bg2 Bg7 4. d4 Nf6 5. O-O O-O 6. c4 d6 7. Nc3 Qe8 8. d5 c5
9. e4 fxe4 10. Ng5 Bg4 11. Qe1 Nbd7 12. h3 h6 13. Ngxe4 Nxe4 14. Nxe4 Bf3 15.
Bxf3 Rxf3 16. Qe2 Ne5 17. Bf4 Qf7 18. Bxe5 Bxe5 19. Kg2 Rf8 20. Nd2 Rf5 21. f4
Bg7 22. Rae1 g5 23. Qxe7 gxf4 24. Qxd6 fxg3 25. Rxf5 Qxf5 26. Qe6+ Qxe6 27.
dxe6 Bxb2 28. Ne4 Be5 29. Re2 Rc8 30. Rd2 Kf8 31. Rd5 Bb8 32. Rd7 Be5 33. Rd5
Bb8 34. Rd7 Be5 35. Rxb7 Rc6 36. Rxa7 Rb6 37. Rf7+ Kg8 38. Nf6+ Bxf6 39. Rxf6
Kg7 40. e7 Rb2+ 41. Kf3 Rf2+ 42. Ke3 Rxf6 43. e8=Q g2 44. Qd7+ 1-0

[Event "7. Bayerische Meisterschaft 2003"]
[Site "Bad Wiessee"]
[Date "2003.11.14"]
[Round "7"]
[White "Mainka, Romuald"]
[Black "Markl, Martin"]
[Result "1-0"]
[WhiteElo "2459"]
[BlackElo "2222"]
[PlyCount "49"]
[EventDate "2003.11.08"]

1. g3 g6 2. Bg2 Bg7 3. f4 f5 4. Nf3 Nf6 5. d3 d6 6. Nc3 Nc6 7. e4 e5 8. O-O
fxe4 9. dxe4 Bg4 10. h3 Bxf3 11. Qxf3 Nd4 12. Qd3 Qd7 13. Be3 Nc6 14. Rad1
O-O-O 15. Nd5 Nh5 16. Kh2 Kb8 17. f5 Rdf8 18. b4 gxf5 19. exf5 Nd4 20. g4 c6
21. Nc3 Nf6 22. g5 e4 23. Nxe4 Nxe4 24. f6 Nxf6 25. gxf6 1-0

[Event "7. Bayerische Meisterschaft 2003"]
[Site "Bad Wiessee"]
[Date "2003.11.14"]
[Round "7"]
[White "Papa, Severin"]
[Black "De Francesco, Klaus"]
[Result "1-0"]
[WhiteElo "2401"]
[BlackElo "2214"]
[PlyCount "101"]
[EventDate "2003.11.08"]

1. e4 e6 2. d4 d5 3. e5 c5 4. c3 Nc6 5. Nf3 Bd7 6. a3 c4 7. Bf4 Na5 8. Nbd2 Bc6
9. h4 h5 10. g3 Qd7 11. Bh3 Ba4 12. Qc1 Ne7 13. O-O g6 14. Bg5 Bg7 15. Re1 Rg8
16. Rb1 O-O-O 17. Nf1 Rde8 18. Re2 Nec6 19. Qf4 Bb3 20. Kh1 Ref8 21. Ne3 Rh8
22. Rg1 Nd8 23. g4 Nac6 24. gxh5 Rxh5 25. Ng4 Bh8 26. Nh6 Ne7 27. Bg4 Rxg5 28.
hxg5 Bg7 29. Kg2 Nf5 30. Rh1 b6 31. Bh3 Rh8 32. Ng4 Qa4 33. Qd2 Kb7 34. Nf6 Bf8
35. Qc1 Ka6 36. Rd2 Be7 37. Bg4 Rxh1 38. Kxh1 Ka5 39. Nh2 Ng7 40. Nf1 Ne8 41.
Ne3 Nc7 42. Kg2 Na6 43. Qh1 Nb8 44. Qh8 Nbc6 45. Qe8 Qb5 46. f4 Bxf6 47. gxf6
Ba4 48. Qd7 Qa6 49. Qc7 Qb7 50. Qxb7 Nxb7 51. Bxe6 1-0

[Event "7. Bayerische Meisterschaft 2003"]
[Site "Bad Wiessee"]
[Date "2003.11.14"]
[Round "7"]
[White "Gawehns, Klaus"]
[Black "Schmahl, Stephan"]
[Result "1-0"]
[WhiteElo "2391"]
[BlackElo "2208"]
[PlyCount "101"]
[EventDate "2003.11.08"]

1. Nf3 f5 2. d4 Nf6 3. Bg5 e6 4. Nbd2 Be7 5. Bxf6 Bxf6 6. e4 O-O 7. Bd3 d5 8.
exf5 exf5 9. O-O Nc6 10. c3 Qd6 11. Re1 Bd7 12. b4 Rae8 13. Qc2 g6 14. Nb3 b6
15. a3 Kg7 16. h3 Rxe1+ 17. Rxe1 Re8 18. Rxe8 Bxe8 19. Nc1 a5 20. Qe2 Bd7 21.
Bc2 axb4 22. axb4 Nd8 23. Bb3 Nf7 24. Qa2 Be6 25. Nd3 g5 26. Qe2 Qc6 27. Qe1
Qd6 28. Nfe5 Bxe5 29. dxe5 Qc6 30. f4 h6 31. Qd2 Qb5 32. Ne1 c5 33. Nf3 g4 34.
hxg4 fxg4 35. Nh4 Qd7 36. Qd3 c4 37. Qg6+ Kf8 38. Bc2 d4 39. Qh7 Ke7 40. f5
dxc3 41. fxe6 Qxe6 42. Nf5+ Kd8 43. Qg8+ Kc7 44. Nxh6 Qxh6 45. Qxf7+ Kb8 46.
Qg8+ Ka7 47. Qh7+ Qxh7 48. Bxh7 Kb7 49. Kf2 Kc6 50. Be4+ Kd7 51. Ke3 1-0

[Event "7. Bayerische Meisterschaft 2003"]
[Site "Bad Wiessee"]
[Date "2003.11.14"]
[Round "7"]
[White "Hamm, Stefan Dr"]
[Black "Dietze, Frank-Heinz"]
[Result "1/2-1/2"]
[WhiteElo "2300"]
[BlackElo "2158"]
[PlyCount "50"]
[EventDate "2003.11.08"]

1. e4 c5 2. Nf3 Nc6 3. d4 cxd4 4. Nxd4 g6 5. c4 Nf6 6. Nc3 d6 7. Be2 Nxd4 8.
Qxd4 Bg7 9. Be3 O-O 10. Qd2 Be6 11. O-O Qa5 12. Rab1 Rfc8 13. Rfc1 Bxc4 14. Nd5
Qxd2 15. Nxe7+ Kf8 16. Bxd2 Bxa2 17. Nxc8 Bxb1 18. f3 Ne8 19. Be3 Ba2 20. Nxa7
d5 21. Bc5+ Kg8 22. exd5 Bxd5 23. Rd1 Be6 24. b4 Bf8 25. Nb5 Rc8 1/2-1/2

[Event "7. Bayerische Meisterschaft 2003"]
[Site "Bad Wiessee"]
[Date "2003.11.14"]
[Round "7"]
[White "Kelchner, Hans"]
[Black "Schippan, Bernd"]
[Result "0-1"]
[WhiteElo "2156"]
[BlackElo "2269"]
[PlyCount "24"]
[EventDate "2003.11.08"]

1. Nf3 f5 2. g3 Nf6 3. Bg2 g6 4. d4 Bg7 5. b3 d6 6. Bb2 O-O 7. Nbd2 Nc6 8. c4
e5 9. dxe5 Ng4 10. O-O Ngxe5 11. Nxe5 Nxe5 12. Nf3 Nxf3+ 0-1

[Event "7. Bayerische Meisterschaft 2003"]
[Site "Bad Wiessee"]
[Date "2003.11.15"]
[Round "8"]
[White "Doettling, Fabian"]
[Black "Schmaltz, Roland"]
[Result "1-0"]
[WhiteElo "2519"]
[BlackElo "2519"]
[PlyCount "75"]
[EventDate "2003.11.08"]

1. d4 Nf6 2. Nf3 e6 3. c4 Bb4+ 4. Nbd2 b6 5. a3 Bxd2+ 6. Qxd2 Bb7 7. g3 d6 8.
Bg2 Be4 9. O-O O-O 10. b4 Nbd7 11. Bb2 Re8 12. Rfc1 a6 13. Bf1 h6 14. Ne1 d5
15. f3 Bg6 16. Nd3 Bxd3 17. Qxd3 c6 18. cxd5 cxd5 19. a4 Qe7 20. Ba3 e5 21. b5
e4 22. Qb3 Qe6 23. Rc6 Qf5 24. bxa6 Rxa6 25. Rac1 Raa8 26. Bd6 Re6 27. Bc7 Rxc6
28. Rxc6 Re8 29. Bxb6 exf3 30. exf3 Re1 31. Rc8+ Kh7 32. Ba5 Rb1 33. Qe3 g6 34.
Bd2 Ng8 35. Rc1 Rb2 36. a5 Ra2 37. Rc7 Kg7 38. g4 1-0

[Event "7. Bayerische Meisterschaft 2003"]
[Site "Bad Wiessee"]
[Date "2003.11.15"]
[Round "8"]
[White "Bromberger, Stefan"]
[Black "Rozentalis, Eduardas"]
[Result "1-0"]
[WhiteElo "2448"]
[BlackElo "2633"]
[PlyCount "51"]
[EventDate "2003.11.08"]

1. e4 e6 2. d4 d5 3. Nc3 Bb4 4. e5 c5 5. a3 Bxc3+ 6. bxc3 Ne7 7. Qg4 Nf5 8. Bd3
h5 9. Qf4 Nc6 10. Nf3 Nce7 11. dxc5 Qc7 12. Be3 Bd7 13. O-O O-O-O 14. Rab1 Bc6
15. Qb4 f6 16. Bd4 Rh6 17. Rfe1 Nxd4 18. cxd4 f5 19. Qd2 h4 20. h3 Rf8 21. Qg5
Rfh8 22. Bb5 Qd7 23. a4 Qe8 24. Rb3 Rh5 25. Qd2 g5 26. Nxg5 1-0

[Event "7. Bayerische Meisterschaft 2003"]
[Site "Bad Wiessee"]
[Date "2003.11.15"]
[Round "8"]
[White "Shaw, John"]
[Black "Eingorn, Vereslavs"]
[Result "1/2-1/2"]
[WhiteElo "2465"]
[BlackElo "2607"]
[PlyCount "75"]
[EventDate "2003.11.08"]

1. e4 e6 2. d4 d5 3. Nd2 h6 4. Ngf3 Nf6 5. e5 Nfd7 6. Bd3 c5 7. c3 Nc6 8. O-O
g5 9. dxc5 Bxc5 10. Nb3 Bb6 11. Re1 Qc7 12. Bb5 Nc5 13. Be3 Nxb3 14. axb3 Bd7
15. Bxc6 bxc6 16. b4 c5 17. bxc5 Bxc5 18. Bxc5 Qxc5 19. Nd4 Rb8 20. Ra2 a5 21.
Nb3 Qc4 22. Rxa5 Ba4 23. Nd2 Bxd1 24. Nxc4 dxc4 25. Rxd1 O-O 26. Rd2 Rfd8 27.
Rxd8+ Rxd8 28. g4 Rb8 29. Rc5 Rxb2 30. Rxc4 Re2 31. Rc5 Re1+ 32. Kg2 Kg7 33. c4
Kg6 34. h3 h5 35. Kf3 h4 36. Rb5 Rh1 37. Kg2 Rc1 38. Rc5 1/2-1/2